|
|
|
|
| LEADER |
00000nab a2200000 a 4500 |
| 001 |
vtls000389146 |
| 003 |
SK-MaSNL |
| 005 |
20260305000924.0 |
| 008 |
230223c1990 xo 0 cze |
| 015 |
|
|
|a SNBRB19rr/mm-uuuuu
|
| 035 |
|
|
|a CL0389270
|
| 035 |
|
|
|a urn:nbn:sk:snk-ab6sjd
|
| 035 |
|
|
|a (uuid)5a3eaf45-ff9c-4429-884c-b120c65027fc
|
| 035 |
|
|
|a (urnnbn)urn:nbn:sk:snk:ar-a05neh
|
| 035 |
|
|
|a (sysno)vtls000389146
|
| 040 |
|
|
|a SNKBUCL
|b slo
|c SNKBUCL
|e AACR2
|
| 041 |
0 |
|
|a cze
|
| 044 |
|
|
|a xo
|c SK
|
| 080 |
|
|
|a 616.72:615.3
|2 1981
|
| 080 |
|
|
|a 615.3
|2 1981
|
| 245 |
0 |
0 |
|a Naše předběžné zkušenosti s použitím plazmaferézy u nemocných se systémovým lupus erythematosus
|c Š. Alušík ... [et al.]
|
| 300 |
|
|
|b Tb. 1. Res. angl., rus., lit 11 zázn. v češ., angl.
|
| 650 |
0 |
7 |
|a systémový lupus erythematosus
|2 snkbucl
|9 179077
|
| 650 |
0 |
7 |
|a plazmaferéza
|2 snkbucl
|9 18391
|
| 655 |
|
7 |
|a články z novín a časopisov
|2 snkbucl
|9 267496
|
| 700 |
1 |
|
|a Alušík, Štefan,
|d 1947-
|4 aut
|9 612077
|
| 700 |
1 |
|
|a Kašlíková, J.
|4 aut
|9 1385151
|
| 700 |
1 |
|
|a Trnavský, Karel,
|d 1930-2017
|4 aut
|9 261516
|
| 700 |
1 |
|
|a Valešová, M.
|4 aut
|9 1181023
|
| 700 |
1 |
|
|a Urbanová, Z.
|4 aut
|9 1146884
|
| 773 |
0 |
|
|t Rheumatologia
|g Roč. 4, č. 2 (1990), s. 76-79
|
| 850 |
|
|
|a Slovenská národná knižnica v Martine
|a MTA001
|
| 852 |
|
|
|a SNK
|b KIS3GCP
|
| 958 |
|
|
|a RK
|
| 958 |
|
|
|a ME
|
| 958 |
|
|
|a NB
|
| 958 |
|
|
|a OND
|
| 958 |
|
|
|a EUIPO
|
| 958 |
|
|
|a article27
|
| 992 |
|
|
|a RBX
|
| 999 |
|
|
|c 3216144
|d 3218074
|